000
00355nam a22000977a 4500
100
_a
पाण्डेय,दीपक
_9
79709
245
_a
गणित NCERT की पाठ्य पुस्तकों पर पूर्णतया आधारित
260
_a
Chennai
_b
McGraw Hill
_c
2020
650
_a
गणित
_9
79710
942
_c
HIN
999
_c
63327
_d
63327